000 00892cam a22001934a 4500
005 20250605164217.0
008 250528s ||||||||||||||||||||||||d
035 _a20519
020 _a942299191
040 _aGR-AtMCL
_bgre
_dGR-AtMCL
_eAACR2
245 1 _aMyth and Society in Ancient Greece
260 _bZone Books,
_c1990
300 _a284
520 _aA complex and previously unexplored intersection of the religious, social and political structures of ancient Greece. Introduction, The Class Struggle, City-State Warfare, Marriage, Social History and the Evolution of Ideas in China and Greece from the Sixth to the second Centuries B. C., The Society of the Gods, The Pure and the Impure, Between the Beasts and the Gods, The Myths of Prometheus in Hesiod, The Reason of Myth, Notes.
700 1 _aVernant Jean-Pierre
_96507
942 _cBK
999 _c5619
_d5619